Computer Fundamentals (Record no. 687)

MARC details
000 -LEADER
fixed length control field 00406nam a22001697a 4500
005 - DATE AND TIME OF LATEST TRANSACTION
control field 20210831120802.0
008 - FIXED-LENGTH DATA ELEMENTS--GENERAL INFORMATION
fixed length control field 160512b xxu||||| |||| 00| 0 eng d
020 ## - INTERNATIONAL STANDARD BOOK NUMBER
ISBN 81-7656-752-3
041 ## - LANGUAGE CODE
Language code of text/sound track or separate title eng
082 ## - DEWEY DECIMAL CLASSIFICATION NUMBER
Item number 1779
Classification number 004
100 ## - MAIN ENTRY--AUTHOR NAME
Personal name Sinha Pradeep K
245 ## - TITLE STATEMENT
Title Computer Fundamentals
260 ## - PUBLICATION, DISTRIBUTION, ETC. (IMPRINT)
Place of publication New Delhi
Name of publisher BPB Publishing,
Year of publication 2003
300 ## - PHYSICAL DESCRIPTION
Number of Pages 248
650 ## - SUBJECT ADDED ENTRY--TOPICAL TERM
Topical Term Management
942 ## - ADDED ENTRY ELEMENTS (KOHA)
Koha item type Books
Holdings
Lost status Damaged status Collection code Home library Current library Shelving location Date acquired Source of acquisition Cost, normal purchase price Full call number Accession Number Koha item type
    CS/IT JRU Library JRU Library   12/05/2016 PURCHASE 248.00 004 1779 Books
    CS/IT JRU Library JRU Library SHELF-48-A 12/05/2016 PURCHASE 248.00 004 1780 Books
    CS/IT JRU Library JRU Library SHELF-48-A 12/05/2016 PURCHASE 248.00 004 1781 Books
    CS/IT JRU Library JRU Library SHELF-48-A 12/05/2016 PURCHASE 248.00 004 1782 Books
    CS/IT JRU Library JRU Library SHELF-48-A 12/05/2016 PURCHASE 248.00 004 1783 Books
    CS/IT JRU Library JRU Library SHELF-48-A 12/05/2016 PURCHASE 248.00 004 1784 Books